[Event "Hoogovens op"]
[Site "Wijk aan Zee"]
[Date "1995.01.??"]
[Round "8"]
[White "Cifuentes Parada, Roberto"]
[Black "Van der Sterren, Paul"]
[Result "1-0"]
[WhiteElo "2535"]
[BlackElo "2560"]
[Annotator "Hecht,H"]
[PlyCount "113"]
[EventDate "1995.01.??"]
[EventType "swiss"]
[EventRounds "12"]
[EventCountry "NED"]
[SourceTitle "CBM 046"]
[Source "ChessBase"]
[SourceDate "1995.06.01"]
[SourceVersion "1"]
[SourceVersionDate "1995.06.01"]
[SourceQuality "1"]

1. Nf3 d5 2. d4 Nf6 3. c4 e6 4. Nc3 Nbd7 5. g3 c6 6. Bg2 dxc4 7. a4 Be7 8. O-O
O-O 9. Nd2 e5 10. Nxc4 exd4 11. Qxd4 Nc5 12. Qxd8 Rxd8 13. Na5 Ne6 14. Nb3 Nd4
15. Nxd4 Rxd4 16. a5 a6 17. Be3 Rb4 18. Na4 Bf5 19. Rfc1 Rd8 20. f3 Bg6 21. Bf1
Nd5 22. Bf2 Bg5 23. Rd1 Bc2 24. Rd4 Bf6 25. Rxb4 Nxb4 26. Bc5 Bxa4 27. Rxa4 Nc2
28. Rc4 Bd4+ 29. Bxd4 Nxd4 30. Rb4 Nb5 31. Kf2 Rd1 32. Bh3 Kf8 33. Bc8 Ra1 34.
Bxb7 c5 35. Rc4 Nd6 36. Rxc5 Nxb7 37. Rc8+ Ke7 38. Rc7+ Ke6 39. Rxb7 Rxa5 40.
e4 Ra1 41. Ke3 a5 42. Kf4 a4 (42... h5 $5) 43. g4 $1 a3 44. bxa3 Rxa3 45. h4 h6
46. h5 $1 {Sehr chancenreich für Weiß, der Raumvorteil hat. Besonders wichtig
ist der wPh5.} Ra6 47. Rb8 Kf6 48. e5+ Ke7 49. Rg8 g6 50. hxg6 fxg6 51. Rg7+
Kf8 52. Rh7 Ra4+ 53. Kg3 Ra5 54. f4 (54. Rxh6 Kg7 $10) 54... g5 55. f5 (55.
Rxh6 Ra3+ 56. Kf2 gxf4 57. Rf6+ Ke7 58. Rxf4 Ke6 59. Re4 Rb3 60. Re3 (60. g5
Kf5 $10) 60... Rxe3 61. Kxe3 Kxe5 $10) 55... Rxe5 56. Rxh6 Re3+ 57. Kf2 (57.
Kf2 Re4 58. Kf3 Rf4+ 59. Kg3 Ra4 60. Rg6 Ra3+ 61. Kf2 Ra2+ 62. Ke3 Ra3+ 63. Kd2
$18 Ra2+ 64. Kc3) 1-0

[Event "Moscow Aeroflot op"]
[Site "Moscow"]
[Date "2002.02.09"]
[Round "8"]
[White "Janssen, Ruud"]
[Black "Iskusnyh, Sergei"]
[Result "1-0"]
[WhiteElo "2476"]
[BlackElo "2514"]
[Annotator "Hecht,H"]
[PlyCount "77"]
[EventDate "2002.02.04"]
[EventType "swiss"]
[EventRounds "9"]
[EventCountry "RUS"]
[SourceTitle "CBM 088"]
[Source "ChessBase"]
[SourceDate "2002.03.21"]
[SourceVersion "1"]
[SourceVersionDate "2002.03.21"]
[SourceQuality "1"]

1. d4 d5 2. Nf3 Nf6 3. c4 e6 4. g3 c6 5. Bg2 Nbd7 6. O-O Bd6 7. Nc3 O-O 8. Nd2
c5 9. cxd5 exd5 10. dxc5 Nxc5 11. Nb3 Nxb3 12. axb3 Bg4 13. Bg5 Re8 14. Ra4 Be6
15. Bxd5 Be5 16. Bxe6 fxe6 17. Qc2 Qc7 18. Rc4 Qf7 19. Bxf6 Qxf6 20. Ne4 Qg6
21. Rd1 Rad8 22. Rxd8 Rxd8 23. Rc8 Qe8 24. Rxd8 Qxd8 {[#] Allmähliches
Zurückdrängen des Läufers mit Raumgewinn.} 25. e3 Kf7 26. h4 h6 27. Nc3 Qb6 28.
Ne2 Ke7 29. Nc1 Qb5 30. Nd3 Bd6 31. Qc4 Qh5 32. Kg2 Qd1 33. b4 g5 {schwächt} (
33... b6 $142 {[%csl Gc5]}) 34. hxg5 hxg5 35. e4 {[%cal Re4e5]} Qe2 36. Qd4 g4
37. e5 Qf3+ 38. Kh2 Bc7 39. Nc5 {Zeit?!} (39. Nc5 Qd5 40. Qxg4 Bxe5 41. Qh4+ (
41. Qg5+ Kf7 (41... Bf6 42. Qxd5 exd5 43. Nd3 $18) 42. Qh5+ Kg7 43. Qe8 {
siehe weiter unten}) 41... Kf7 (41... Bf6 42. Qh7+ Ke8 43. Qxb7 Qxb7 44. Nxb7
Bxb2) 42. Qh5+ Kg7 43. Qe8 {ist jeweils unklar}) 1-0

[Event "EU-Cup 13th Group2"]
[Site "Eupen"]
[Date "1997.09.22"]
[Round "1"]
[White "Lehtivaara, Petri"]
[Black "Apicella, Manuel"]
[Result "0-1"]
[WhiteElo "2370"]
[BlackElo "2500"]
[Annotator "Hecht,H"]
[PlyCount "98"]
[EventDate "1997.09.22"]
[EventType "team-k.o."]
[EventRounds "3"]
[EventCountry "BEL"]
[SourceTitle "EXT 2020"]
[Source "ChessBase"]
[SourceDate "2019.10.17"]
[SourceVersion "1"]
[SourceVersionDate "2019.10.17"]
[SourceQuality "1"]
[WhiteTeam "London Barbican"]
[BlackTeam "Clichy Echecs 92"]
[WhiteTeamCountry "ENG"]
[BlackTeamCountry "FRA"]

1. d4 {Baburin} d5 2. c4 e6 3. Nc3 c6 4. Nf3 dxc4 5. a4 Bb4 6. g3 Nf6 7. Bg2
O-O 8. O-O Nbd7 9. Qc2 a5 (9... Qe7 10. Bf4 Nd5 11. Bd2 a5 12. e4 N5b6 13. Be3
h6 14. Rad1 e5 15. dxe5 Bc5 16. Bf4 {1-0 Gelfand,B-Anand,V/Moscow Alekhine
1992/CBM 33 (36)}) 10. e4 e5 11. dxe5 Ng4 12. Bf4 Qe7 13. Na2 Ndxe5 14. Nxe5
Nxe5 15. Nxb4 axb4 16. Bxe5 Qxe5 17. Qxc4 Qxb2 18. Rfb1 ({After} 18. Rab1 {
Baburin} Qa3 19. Rxb4 Be6 20. Qd4 {White's position is slightly worse, but the
pressure on the b7-pawn allows him to look to the future with optimism.
White's 18th move is yet another contribution to the theme 'moving the wrong
rook'.}) 18... Rxa4 {This is the refutation - Black parts with his queen for a
while, but soon will get it back with dividends.} 19. Rxb2 Rxa1+ 20. Bf1 Bh3
21. Rxb4 b5 22. Qd3 Rxf1+ 23. Qxf1 Bxf1 24. Kxf1 {# Die verbundenen Freibauern
gewinnen, aber wie.....!} Rd8 {The rest is a matter of technique.} (24... Rb8
$5 25. Ke2 Kf8 26. Kd3 c5 27. Rb1 Ke7 28. Kc3 Kd6 29. f4 (29. Ra1 Ke5 30. f3
b4+ 31. Kc4 (31. Kb3 Kd4) 31... b3 32. Rb1 b2 33. Kxc5 Rc8+ 34. Kb4 Kd4) 29...
Kc6 30. Ra1 Rd8 (30... b4+ 31. Kc4 b3 32. Rb1 b2 33. Kc3 $13) 31. Ra7 (31. Ra6+
Kb7 32. Ra5 Kb6 33. Ra1 b4+ $19) 31... b4+ 32. Kc2 c4 33. Rxf7 Rd3 $19) 25. Ke2
Kf8 26. Rb2 Ke7 27. e5 Rd4 28. Ke3 Rc4 29. f4 f6 30. Ra2 fxe5 31. Ra7+ Ke6 32.
Rxg7 exf4+ 33. gxf4 h5 34. Rg6+ Kd7 35. Rg7+ Kd6 36. Rg6+ Kc7 37. Rg7+ Kb6 38.
f5 Rc1 39. Ke4 Rf1 40. Ke5 b4 41. f6 c5 {Eine andere Idee:} (41... Kc5 $5 42.
Ke6 (42. Rg5 $5 Re1+ 43. Kf5 Kc4 44. Kg6 b3 45. f7) 42... b3 $6 (42... Kd4 $5
43. Rb7 c5 44. f7 Kc3 45. Ke7 c4 46. f8=Q Rxf8 47. Kxf8 Kb3 $1 48. Ke7 c3 49.
Kd6 c2 50. Rc7 Kb2 51. Kd5 b3 $19) 43. Rb7 Kc4 44. f7 c5 45. Ke7 Kc3 46. f8=Q
Rxf8 47. Kxf8 c4 48. Ke7 b2 49. Kd6 Kc2 50. Kd5 c3 51. Kd4 $10) 42. f7 Kb5 43.
Ke6 b3 44. Rg8 Rxf7 (44... c4 45. Rg5+) 45. Kxf7 c4 46. Rb8+ Ka4 47. Rc8 {#}
Ka3 $4 (47... Kb4 48. Ke6 c3 49. Kd5 c2 50. Kd4 (50. Rc4+ Kb5 (50... Ka3 51.
Rc3 Kb2 52. Kc4) 51. Rc5+ Kb6 52. Rc6+ Kb7 $19) 50... b2 51. Rc4+ Kb5 52. Rc5+
Kb6 $19) 48. Ra8+ $4 {Der falsche Spieler konnte gewinnen mittels} (48. Rxc4 $1
b2 49. Rc8 b1=Q 50. Ra8+ Kb2 51. Rb8+ Kc2 52. Rxb1 Kxb1 53. h4 Kc2 54. Kg6 Kd3
55. Kxh5 Ke4 56. Kg6 $18) 48... Kb2 49. Ke6 c3 0-1

[Event "RUS-chT 09th Group2"]
[Site "Ekaterinburg"]
[Date "2002.05.17"]
[Round "1"]
[White "Tregubov, Pavel V"]
[Black "Lugovoi, Aleksei"]
[Result "1/2-1/2"]
[WhiteElo "2627"]
[BlackElo "2510"]
[Annotator "Hecht,H"]
[PlyCount "147"]
[EventDate "2002.05.17"]
[EventType "team-tourn"]
[EventRounds "7"]
[EventCountry "RUS"]
[SourceTitle "CBM 090"]
[Source "ChessBase"]
[SourceDate "2002.09.20"]
[SourceVersion "1"]
[SourceVersionDate "2002.09.20"]
[SourceQuality "1"]
[WhiteTeam "Maykop Universitet"]
[BlackTeam "Sankt Petersburg Lentransgaz II"]
[WhiteTeamCountry "RUS"]
[BlackTeamCountry "RUS"]

1. d4 Nf6 2. c4 e6 3. Nf3 d5 4. Nc3 c6 5. g3 dxc4 6. Ne5 Nbd7 7. Nxc4 b5 8. Nd2
Bb7 9. Bg2 Qb6 10. O-O c5 11. dxc5 Nxc5 12. Bxb7 Qxb7 13. Nb3 a6 14. Bg5 Ncd7
15. Rc1 Be7 16. Qd4 Rc8 17. Na5 Qa8 18. Ne4 O-O 19. Nd6 e5 20. Qd2 Bxd6 21.
Qxd6 Rce8 22. Qc6 Re6 23. Qxa8 Rxa8 24. Rfd1 h6 25. Be3 Nb6 26. Bxb6 Rxb6 27.
Rc6 Rxc6 28. Nxc6 e4 29. Rd6 Kf8 30. Nd4 Ne8 31. Rc6 Rd8 32. e3 Rd6 33. Rc8 g6
34. g4 Ke7 35. Kg2 Kd7 36. Ra8 Nc7 37. Rf8 Ke7 38. Rb8 Ne6 39. Rb7+ Kf6 40.
Nxe6 Kxe6 {[#] Wechsel des Bauernmaterials bei gleichzeitiger
Qualitätsveränderung der Türme.} 41. b3 g5 42. Kg3 Kf6 43. a4 bxa4 44. bxa4 Re6
45. Rc7 Kg6 46. Rc5 f6 {passive schwarze Stellung bei gleicher Bauernzahl und
der Schwäche a6} 47. h4 h5 48. gxh5+ Kxh5 49. hxg5 fxg5 50. a5 Rd6 51. Re5 Rc6
52. Rxe4 Rc5 53. Ra4 {Aktive schwarze Stellung bei einem Bauern weniger. Die
Remisbreite ist nicht überschritten.} Rf5 54. f3 Rb5 55. Ra2 Re5 56. e4 Rb5 57.
Re2 {Bauernaufgabe, dafür aktiven Turm hinter den Freibauern!} Rxa5 58. e5 Rb5
59. e6 Rb8 60. e7 Re8 61. Re6 {Passive schwarze Figuren bei gleicher Bauernzahl
} a5 62. f4 a4 (62... gxf4+ 63. Kxf4 a4 64. Kf5 a3 65. Kf6 a2 66. Ra6 $18) 63.
f5 a3 64. Re1 {[%csl Rh5][%cal Re1h1]} Kh6 65. Kg4 a2 {[%cal Re8e7]} 66. Rh1+
Kg7 67. Kxg5 Kf7 68. f6 {Erneut hat Schwarz einen Bauern weniger kann aber
seinen Turm wieder aktivieren und mit seinem vorgerückten Freibauern leicht
Remis halten.} Rb8 (68... Ra8) 69. Kf5 Rb5+ 70. Kf4 Rb8 71. Ke5 Rh8 72. Re1 Ra8
73. Ra1 Ra6 74. Kd5 1/2-1/2

[Event "Katrineholm"]
[Site "Katrineholm"]
[Date "1995.??.??"]
[Round "?"]
[White "Wessman, Richard"]
[Black "Olafsson, Helgi"]
[Result "1/2-1/2"]
[WhiteElo "2440"]
[BlackElo "2470"]
[Annotator "Hecht,H"]
[PlyCount "155"]
[EventDate "1995.04.??"]
[EventType "tourn"]
[EventRounds "9"]
[EventCountry "SWE"]
[EventCategory "9"]
[SourceTitle "CBM 049"]
[Source "ChessBase"]
[SourceDate "1995.12.01"]
[SourceVersion "1"]
[SourceVersionDate "1995.12.01"]
[SourceQuality "1"]

1. d4 Nf6 2. c4 e6 3. g3 c5 4. Nf3 cxd4 5. Nxd4 d5 6. Bg2 e5 7. Nc2 d4 8. O-O
Nc6 9. Bg5 Be7 10. Nd2 O-O 11. Ne1 Be6 12. Nd3 Nd7 13. Bxe7 Qxe7 14. Rb1 Bf5
15. Ne4 Bg6 16. Qb3 f5 17. c5+ Qf7 18. Qxb7 fxe4 19. Qxc6 Rac8 20. Qd6 Qf6 21.
Qd5+ Bf7 22. Qxe4 Nxc5 23. Qxe5 Nxd3 24. Qxf6 gxf6 25. exd3 Rc2 26. Rfe1 Rb8
27. Re7 Bxa2 28. Rbe1 a5 29. Ra7 Rcxb2 30. Rxa5 Rb1 31. Kf1 Rxe1+ 32. Kxe1 Rb1+
33. Kd2 Rb2+ 34. Kc1 Rb1+ 35. Kc2 Rg1 36. Be4 Be6 37. Ra8+ Kf7 38. Ra7+ Kf8 39.
Ra8+ Ke7 40. Ra7+ Kd6 41. Ra6+ Ke7 42. Kd2 f5 43. Bf3 Rf1 44. Ke2 Rb1 45. Ra7+
Kf6 46. Rxh7 Rb2+ 47. Kf1 Rb3 48. Be2 Rb1+ 49. Kg2 Rb2 50. Bf3 Rb3 51. h4 Rxd3
52. h5 Rc3 53. Rh8 Rc8 54. Rxc8 Bxc8 {L-L blockierte weiße Mehrheit am
K-Flügel, einfach} 55. Kf1 Kg5 56. Ke2 Ba6+ 57. Kd2 Bb5 58. Bd1 Ba6 59. Kc2 Bc4
60. Bf3 f4 61. g4 (61. gxf4+ Kxf4 62. h6 Bg8 $10) 61... Bb5 62. Kd2 Ba6 63. Be2
Bc8 64. f3 Bb7 65. Kc2 Bc6 66. Kb3 Bd5+ 67. Kb4 d3 68. Bd1 Bb7 69. Kc3 Ba6 70.
Kd4 Bb5 71. Ke5 Bc4 72. h6 Bg8 73. Ba4 d2 74. Bd1 Bh7 75. Kd4 Kxh6 76. Kc3 Kg5
77. Kxd2 Bg8 78. Kd3 1/2-1/2

[Event "Boskovic Memorial"]
[Site "Belgrade"]
[Date "2000.10.11"]
[Round "8"]
[White "Romanishin, Oleg M"]
[Black "Georgiev, Kiril"]
[Result "0-1"]
[WhiteElo "2591"]
[BlackElo "2661"]
[Annotator "Hecht,H"]
[PlyCount "154"]
[EventDate "2000.10.03"]
[EventType "tourn"]
[EventRounds "9"]
[EventCountry "YUG"]
[EventCategory "14"]
[SourceTitle "CBM 080"]
[Source "ChessBase"]
[SourceDate "2001.01.25"]
[SourceVersion "1"]
[SourceVersionDate "2001.01.25"]
[SourceQuality "1"]

1. Nf3 Nf6 2. c4 e6 3. Nc3 d5 4. d4 c6 5. g3 dxc4 6. Ne5 Nbd7 7. Nxc4 b5 8. Nd2
Bb7 9. Bg2 Qb6 10. O-O c5 11. dxc5 Nxc5 12. Bxb7 Qxb7 13. Nb3 Rd8 14. Qc2 Rc8
15. Nxc5 Bxc5 16. Qd3 a6 17. Bg5 O-O 18. Bxf6 gxf6 19. Ne4 Be7 20. Rad1 Kg7 21.
Nd6 Bxd6 22. Qxd6 Qc6 23. Qf4 Qc4 24. Qxc4 Rxc4 25. Rd2 Rfc8 26. Rfd1 a5 27. a3
f5 28. Kf1 Kf6 29. f4 h5 30. h4 b4 31. axb4 Rxb4 32. Ra1 a4 33. Kf2 Rcc4 34.
Ra3 Rc1 35. Ra2 Rb1 36. Ra3 Rc4 37. e3 Kg6 38. Ke2 f6 39. Kd3 Rb4 40. Kc3 Re4
41. Kc2 Rg1 42. Rd4 Rxg3 43. Rdxa4 Rxa4 44. Rxa4 Rxe3 45. b4 Re4 46. Kb3 Rxf4
47. b5 Rxa4 48. Kxa4 f4 49. b6 f3 50. b7 f2 51. b8=Q f1=Q 52. Qe8+ Kf5 53.
Qxh5+ Kf4 54. Qh6+ Kg4 55. Qg6+ Kxh4 56. Qh6+ Kg3 57. Qg6+ Kh2 58. Qh6+ Qh3 59.
Qxf6 {Zu diesem Damenendspiel befragen Sie bitte ausführlich Tablebase 1.0 -
es lohnt sich. Schließlich beginnt das vorliegende Damenendspiel gleich mit
zwei Fehlern, die man den Spielern aber verzeihen muss.} Qf5 $2 (59... Qe3 $1 {
wäre das ideale Damenfeld gewesen, weil zentral und gegen Annäherungen des
weißen Königs optimal.} 60. Qh4+ Kg2 61. Qg4+ Kf2 62. Qh4+ Ke2 63. Qg4+ Kd2 64.
Qb4+ Kd3 65. Qb3+ Ke2 66. Qc4+ Kf3 67. Qf1+ Kg3) 60. Qh8+ $2 (60. Qh4+ $1 Kg2
61. Qd4 $1 {oder Dc4} (61. Kb4 $2 e5 62. Kc5 e4+ 63. Kd4 Qd7+ $19) 61... e5 62.
Qd2+ Kg3 63. Qe1+ Kf4 64. Qd2+ Kg4 65. Qe2+ Kg5 66. Kb3 $1 {erst jetzt die
Annäherung, nachdem der schwarze König die unteren Gewinnränge verlassen mußte.
}) ({Auch} 60. Qd4 {sofort hält remis.}) (60. Qh6+ {ist die dritte
Remismöglichkeit.}) 60... Kg3 61. Kb4 {denn jetzt scheitert Dd4 an der
Fesselung Df4!} e5 62. Kc3 Qf4 63. Kd3 Kf2 64. Qh7 Qf3+ 65. Kd2 e4 66. Qh4+ Kg2
67. Qg5+ Kf1 68. Qb5+ Kf2 69. Qc5+ e3+ 70. Kd3 Qd1+ 71. Ke4 Qb1+ 72. Kf4 Qd3
73. Qb6 Qc4+ 74. Ke5 Qg4 75. Kd5 Qf4 76. Qa7 Kf3 77. Qh7 e2 (77... e2 78. Qd3+
Kf2 79. Qc2 Qf6 {[%csl Yd8,Yf7][%cal Rf2f1]} 80. Kc5 Qe6 81. Kb5 Qd5+ 82. Ka6
Kf1 $19) 0-1

[Event "St Petersburg-ch"]
[Site "St Petersburg"]
[Date "2002.04.22"]
[Round "6"]
[White "Loginov, Valery A"]
[Black "Lugovoi, Aleksei"]
[Result "1-0"]
[WhiteElo "2524"]
[BlackElo "2510"]
[Annotator "Horn,Pe"]
[PlyCount "115"]
[EventDate "2002.04.16"]
[EventType "tourn"]
[EventRounds "9"]
[EventCountry "RUS"]
[EventCategory "9"]
[SourceTitle "CBM 089"]
[Source "ChessBase"]
[SourceDate "2002.08.12"]
[SourceVersion "1"]
[SourceVersionDate "2002.08.12"]
[SourceQuality "1"]

1. Nf3 d5 2. g3 c5 3. Bg2 Nc6 4. d4 e6 5. O-O cxd4 6. Nxd4 {Weiß spielt eine
Grünfeldverteidigung mit vertauschten Farben.} Bc5 7. Nxc6 bxc6 8. c4 Nf6 9.
Nc3 O-O 10. Na4 ({Früher hat es hier Loginov mit} 10. Bg5 {versucht:} Rb8 11.
cxd5 cxd5 12. Qc2 Be7 13. Rfd1 Qb6 $13 {Loginov,V-Landenbergue,C/Budapest 1993}
) 10... Be7 ({Aktiver sieht} 10... Bd6 {aus, z.B.:} 11. Qc2 (11. Be3 Qe7) 11...
Ba6 12. b3 Rb8 13. Rd1 Qe7 14. Bb2 Rfd8 15. cxd5 cxd5 $11 {Safin,S-Tomorhuyag,
N/Bishkek 1993}) 11. Be3 $146 (11. b3 Ba6 12. Qc2 Rc8 13. Rd1 Nd7 14. Be3 Nb6
$2 15. Nc5 $14 {Voltini,R-Ruggeri,C/Cremona 1992}) 11... e5 $6 {Sehr riskant:
gegenüber der Grünfeldverteidigung hat Schwarz ein weiteres Tempo verloren.} (
11... Ba6 12. cxd5 cxd5 13. Rc1 $14) 12. cxd5 cxd5 13. Rc1 $36 {
Grünfeldspieler werden diese Stellung mögen.} h6 {Sicher gegen Bg5 gerichtet,
was aber den Weißen ein Tempo gekostet hätte.} (13... Re8) 14. Bc5 Be6 15. Qd3
Rc8 16. b4 (16. Bxa7 $4 Qa5 $19) 16... d4 17. a3 Rc7 18. e3 {Die Auflösung des
Zentrums eracheint konsequent; anscheinend kann sich Schwarz aber behaupten.} (
18. Bxe7 Qxe7 19. Rxc7 Qxc7 20. Nc5 $14) 18... Bxc5 (18... dxe3 19. Qxe3 Ng4
20. Qe2 $16) 19. Nxc5 Bd5 20. Bxd5 Qxd5 21. exd4 exd4 (21... Qxd4 $143) 22. Rc4
(22. Ne4 Rc6 23. Rxc6 Qxc6 24. Nc5 Rd8 25. Re1 a5 $132) ({Nach} 22. Nb3 Rxc1
23. Rxc1 Ng4 24. Qxd4 Qxb3 25. Qxg4 Qxa3 {verbleibt nur ein optischer Vorteil.}
) 22... Rd8 23. Re1 Ng4 $2 {Ermöglicht Weiß eine vorteilhafte Abwicklung:} (
23... a5 $132) 24. Rxd4 $1 Qxd4 25. Re8+ Rxe8 26. Qxd4 Nf6 27. Kg2 $16 {
Der Mehrbauer am Damenflügel und die günstig postierten weißen Figuren machen
Schwarz das Leben schwer.} Rce7 (27... Rec8 {wäre ein Versuch, den weiteren
Vormarsch des Pb4 zu behindern.}) 28. a4 Re5 29. Nb7 a6 30. Qc4 Re4 31. Qxa6
Rxb4 32. Nd6 {Gegen den Pa4 ist kaum ein Kraut gewachsen. Der Nd6 ist seinem
Kollegen auf f6 deutlich überlegen.} Rd8 (32... Rf8 33. a5) 33. Qa5 Rbb8 34.
Qc7 Ra8 $6 (34... Rf8 35. Nxf7 $140 $2 (35. a5 $18) 35... Rbc8 $11) 35. Qxf7+
Kh7 36. Qc7 Rd7 37. Qc6 Raa7 (37... Rda7 38. Nc4 Rxa4 $2 39. Nb6 $18) 38. Nb5
Ra5 (38... Rxa4 $4 39. Qc2+ $18) 39. Qc3 Ra8 40. a5 Rf7 41. Qc2+ g6 42. Qa2 Kg7
43. a6 h5 44. Nd4 Re7 45. Nc6 Rc7 46. Qa4 Rac8 47. Nd4 Rd7 48. Ne6+ Kh7 49. Qf4
Nd5 50. Qe5 ({Eilige Leute ziehen hier vielleicht} 50. Qf8 $5 $18) 50... Nb4
51. Qf6 Ra8 52. Nf8+ Rxf8 53. Qxf8 Nxa6 54. Qc8 Rd6 (54... Ra7 55. Qe6 $18) 55.
Qb7+ Kh6 56. Qe7 Rc6 57. h4 Nc7 (57... Rc7 58. Qe3+ Kg7 59. Qb6 $18) 58. Qd8
1-0

[Event "Yerevan Zonal"]
[Site "Yerevan"]
[Date "1981.02.??"]
[Round "15"]
[White "Sveshnikov, Evgeny"]
[Black "Tukmakov, Vladimir B"]
[Result "0-1"]
[WhiteElo "2535"]
[BlackElo "2480"]
[Annotator "Kharitonov,A"]
[PlyCount "68"]
[EventDate "1982.02.??"]
[EventType "tourn"]
[EventRounds "15"]
[EventCountry "URS"]
[EventCategory "12"]
[SourceTitle "MCL"]
[Source "ChessBase"]
[SourceDate "1999.07.01"]
[SourceVersion "1"]
[SourceVersionDate "1999.07.01"]
[SourceQuality "1"]

1. d4 Nf6 2. c4 c5 3. Nf3 cxd4 4. Nxd4 e6 5. g3 d5 6. Bg2 e5 7. Nf3 d4 8. O-O
Nc6 9. e3 Bc5 10. exd4 exd4 11. Nbd2 (11. Re1+ Be6 12. Ng5 O-O 13. Nxe6 fxe6
14. Rxe6 $2 (14. Nd2 Qd6 15. Ne4 $2 (15. Nb3 Rad8 $5 16. Nxc5 Qxc5 17. Rxe6 d3
$44) 15... Nxe4 16. Bxe4 d3 $1 17. Be3 (17. Bf4 Rxf4 18. gxf4 d2 19. Re2 Re8
$17) 17... d2 $1 18. Re2 Bxe3 19. Rxe3 Rad8 $17 {Petursson,M-Olafsson,H/
Reykjavik/1981/0:1 (24) Inf 32/564/}) 14... d3 15. Bxc6 bxc6 16. Be3 Bd4 17.
Nc3 (17. Bxd4 Qxd4 $17) 17... Qd7 18. Qxd3 Qxe6 19. Qxd4 Rad8 $17 {Nenashev,
A-Kasparov,G/Tashkent/1978/0:1 (32)}) 11... O-O 12. Nb3 Qb6 $1 13. Bg5 (13. Re1
Bg4 14. Bg5 Nd7) (13. Nxc5 Qxc5 14. b3 Ne4 (14... Bg4 $5 15. Bb2 Rad8 $36) 15.
Bb2 (15. Nxd4 $2 Nc3 $19) 15... Bg4 $36) 13... Ne4 14. Bf4 Re8 15. Re1 Bg4 (
15... d3 $6 16. Nxc5 Qxc5 17. Re3 (17. Qxd3 Qxf2+ 18. Kh1 Qxe1+ $2 (18... Bf5
$17) 19. Rxe1 Nf2+ 20. Kg1 $18) 17... Bg4 18. Qxd3 Nb4 (18... Rad8 $2 19. Rxe4
$18) 19. Qe2 $16) (15... Bd7 $6 16. Ne5 Nxe5 17. Rxe4 Nc6 18. Qh5 Bf8 19. c5
$16 {Yusupov,A-Anikaev,Y/URS(ch)/1979/0,5 (34) Inf 28/496/}) 16. h3 Bh5 17. g4
Bg6 18. Nh4 d3 $5 (18... Bb4 $5 19. Rf1 (19. Nxg6 $2 Bxe1 20. Qxe1 Nf6 $19) (
19. Re2 d3 20. Re3 Bc5 21. Nxg6 (21. Nxc5 Nxc5 22. Nxg6 hxg6 23. Rxe8+ Rxe8 24.
Be3 Nb4 $13) 21... Nxf2 $1 22. Rxe8+ Rxe8 23. Qf3 hxg6 24. Nxc5 Ne4 25. Be3
Nxc5 26. b3 Qb4 $15) 19... Rad8) 19. Nxc5 Qxc5 20. Nxg6 (20. Be3 Qxc4 $17) (20.
Bxe4 $6 Bxe4 $17) (20. Re3 $1 Qd4 (20... Qxc4 21. Nxg6 hxg6 22. Qxd3 $14) 21.
Nxg6 hxg6 22. Qxd3 Qxb2 23. Rf1 Nc5 24. Qc3 (24. Qa3 $5) 24... Qxa2 25. Rfe1
$44) 20... Qxf2+ 21. Kh1 hxg6 (21... Qd4 $5 {Tukmakov/} 22. Qf3 (22. Bxe4 Rxe4
$17) 22... d2 $1 23. Rf1 (23. Rxe4 Rxe4 24. Qxe4 d1=Q+ $19) 23... hxg6 $17) 22.
Rxe4 Rxe4 23. Bxe4 Qxf4 24. Qxd3 Re8 25. Bxc6 $2 (25. Re1 Kh8) (25. Bg2 Re3 $15
) 25... bxc6 $17 26. Rf1 Qh6 $1 27. Qf3 $2 (27. Rf3 $142 Qc1+ 28. Rf1 Qxb2 29.
Qd7 Qe2 $1 30. Qxf7+ Kh7 31. Qf2 Qxc4 $17) 27... f6 (27... Kh7 $6 28. Kh2 Re3
29. Qg2 Qg5 30. Rxf7 Qe5+ 31. Kh1 $13 {Tukmakov/}) 28. Kh2 (28. Qg2 Re3 29. Rf3
Rxf3 30. Qxf3 Qc1+ 31. Kg2 Qxb2+ $19) 28... Re3 29. Qg2 Qg5 $19 30. Rf3 (30.
Rf2 Qe5+ 31. Kh1 Rg3 32. Qf1 Qe3 33. Kh2 Rxh3+ 34. Qxh3 Qxf2+ $19) 30... Qe5+
31. Kg1 (31. Kh1 Re1+ 32. Rf1 Rxf1+ 33. Qxf1 Qxb2 $19) 31... Re2 32. Rf2 Qd4 $1
33. b3 Re1+ 34. Kh2 Qe5+ (34... Qe5+ 35. Qg3 Rh1+ 36. Kg2 Rg1+ $19) 0-1